[Event "Moscow Tal Memorial 2nd"]
[Site "Moscow"]
[Date "2007.11.18"]
[Round "8"]
[White "Kramnik, Vladimir"]
[Black "Mamedyarov, Shakhriyar"]
[Result "1-0"]
[WhiteElo "2785"]
[BlackElo "2752"]
[Annotator "Postny,E"]
[PlyCount "83"]
[EventDate "2007.11.10"]
[EventType "tourn"]
[EventRounds "9"]
[EventCountry "RUS"]
[EventCategory "20"]
[SourceTitle "CBM 122"]
[Source "ChessBase"]
[SourceDate "2008.01.30"]
[SourceVersion "1"]
[SourceVersionDate "2008.01.30"]
[SourceQuality "1"]

1. d4 g6 2. c4 Bg7 3. Nc3 d6 4. e4 e5 {The choice of opening by Mamedyarov is
daring, to say the least, especially when he faces such a squeezer as Vladimir
Kramnik.} 5. Nge2 exd4 6. Nxd4 Nc6 7. Be3 Nge7 8. h4 $1 {The most principled
line to meet Black's setup. Opening the h-file is troublesome for Black.} f5 9.
h5 fxe4 ({A few days later, in the blitz championship Mamedyarov tried the
same opening against Anand, but with the same result:} 9... Rf8 10. hxg6 hxg6
11. Rh7 Rf7 12. Rxg7 Rxg7 13. Bg5 Qd7 14. Nxc6 Nxc6 15. Nd5 Qe6 16. Be2 Ne5 17.
f4 c6 18. Nf6+ Kf8 19. fxe5 Qxe5 20. Qd2 Rf7 21. Bh6+ Ke7 22. Bf4 Qe6 23. Ng8+
Kf8 24. Nh6 {1-0 Anand,V (2801)-Mamedyarov,S (2752)/Moscow 2007/EXT 2008}) 10.
hxg6 hxg6 11. Rxh8+ Bxh8 12. Nxe4 d5 $5 $146 {[%mdl 8] An interesting novelty
by Mamedyarov, which might revive this risky line for Black.} (12... Bf5 13.
Nxf5 Nxf5 (13... gxf5 14. Qh5+ Kd7 15. O-O-O Qg8 16. Nc5+ Kc8 17. Ne6 Kd7 18.
Nf4 $14 {1-0 Hansen,C (2618)-Lehtinen,H (2362)/Aarhus 2003/CBM 098 (34)}) 14.
Bg5 Qd7 15. Qd2 Nce7 16. O-O-O O-O-O 17. g4 Nd4 18. Nf6 Bxf6 19. Bxf6 $16 {
1-0 Gelfand,B (2712)-Piket,J (2632)/Monte Carlo 2001/CBM 081 ext (49)}) 13.
Nxc6 {White has several possibilities that deserved serious attention. I am
not sure that Kramnik's choice is the best one.} (13. cxd5 Qxd5 (13... Nxd4 14.
Bxd4 Qxd5 15. Bxh8 Qxe4+ 16. Qe2 $14) 14. Nxc6 Qxd1+ 15. Rxd1 Nxc6 16. Rd2 $14
{White has a slight pressure, as every developing move by Bc8 will be met by
Ne4-c5.}) (13. Ng5 $1 {Probably this is the main test for Mamedyarov's novelty.
} Bxd4 (13... dxc4 14. Nb5 Bxb2 15. Qxd8+ Kxd8 16. Rd1+ Bd7 17. Bxc4 $36) 14.
Bxd4 dxc4 15. Bf6 Qxd1+ 16. Rxd1 b5 17. b3 $14) 13... bxc6 14. Bd4 Bg4 $1 {
An important intermezzo.} 15. Qxg4 (15. f3 Bxd4 16. Qxd4 dxe4 17. Qxd8+ Rxd8
18. fxg4 c5 $11) (15. Nf6+ Bxf6 16. Qxg4 Bxd4 17. Qxd4 Nf5 18. Qh8+ Kd7 19.
Qxd8+ Rxd8 {and Black should be okay here.}) 15... Bxd4 {The position is sharp,
since both kings are uncastled.} 16. cxd5 (16. Nd6+ Qxd6 17. Qxd4 Qb4+ 18. Qd2
Qxd2+ 19. Kxd2 Kd7 {Black is only slightly worse and should hold the endgame
without any problems.}) 16... Bxb2 (16... cxd5 17. Bb5+ c6 18. Bxc6+ Nxc6 19.
Qxg6+ Kf8 20. Qxc6 dxe4 21. Rd1 Rb8 22. Qh6+ Kg8 23. Qg6+ Kf8 $11) 17. Rd1 $5 {
This move is actually a pawn sacrifice.} (17. Rb1 $1 Rb8 18. dxc6 Qd4 19. Qd7+
Qxd7 20. cxd7+ Kd8 (20... Kxd7 $4 21. Nc5+ Kc8 22. Na4 Bd4 23. Ba6+ $18) 21.
Rd1 Nf5 {It looks like Black has good chances for a draw.}) 17... cxd5 18. Bb5+
Kf8 {Black's king escapes to g7.} (18... c6 $2 19. Bxc6+ $1 Nxc6 20. Qxg6+ $18)
19. Qe6 (19. Qf4+ Kg8 20. Ng5 Qf8 21. Qh4 Qg7 22. Bd7 Qh8 23. Be6+ Kg7 24. Qf4
Bf6 {and Black survives.}) (19. Rd2 $5 Ba1 {Black must keep his bishop on the
diagonal a1-h8.} 20. Ng5 Qd6 21. Qf3+ Bf6 22. Ne4 dxe4 23. Rxd6 exf3 24. Rxf6+
Kg7 25. Rxf3 Rb8 26. Bc4 $14 {The bishop is better than a knight in open
position, therefore White has some winning chances.}) 19... Kg7 20. Bc6 Nxc6
21. Qxc6 d4 (21... Qh4 22. Qxa8 Qxe4+ 23. Kf1 Bd4 24. Qc6 Qf4 25. Qc2 c5 26.
Qe2 $14) 22. Kf1 $1 {Kramnik moves his king away from the danger zone, before
trying to create threats against the opponent's king.} Rb8 23. Ng5 Qd6 24. Qc4
Qd7 25. Kg1 c6 $6 {Probably, with the idea Qd7-d5, but White can frustrate
this plan. It was more logical to employ the rook along the 6th rank to cover
the key e6 square.} (25... Rb6 26. Re1 (26. Rd3 $2 Rc6 27. Qb3 Rc3 $17) (26.
Qe2 $5 $44) 26... d3 27. Ne6+ Rxe6 28. Qxe6 Qxe6 29. Rxe6 c5 (29... d2 $2 30.
Re7+ Kf6 31. Rd7 {[%cal Gg1f1,Gf1e2]}) 30. Kf1 (30. Rc6 $4 d2 31. Rd6 Bd4 $19)
30... c4 {With such a powerful pawns Black can count on a win.}) 26. Ne6+ $1
Kf6 27. Nc5 Qe7 28. Rb1 Rb6 29. Nd3 {The knight has reached an ideal
blockading square. Black's two connected passed pawns are no longer dangerous.}
(29. Na4 Qe4 30. Qf1 Qc2 31. Nxb6 axb6 {Here Black has sufficient compensation
thanks to his strong passed pawns. I don't see how White's major pieces will
get to Black's exposed king.}) 29... Qe4 $2 (29... Bc3 30. Rxb6 axb6 31. Qxc6+
Qe6 $14) 30. Re1 $2 (30. Rxb2 $2 Rxb2 31. Nxb2 Qb1+ 32. Kh2 Qxb2 33. Qxc6+ Kg7
$11) (30. Qg8 $1 {was the move that both players overlooked.} Bc3 (30... Qxd3
31. Re1 $18 Qf5 32. Qf8+ Kg5 33. Qd8+ Kg4 34. f3+ Kg3 35. Re4 Qxe4 36. Qg5+ Qg4
37. Qxg4#) 31. Qf8+ Ke6 32. Nc5+ Kd5 33. Nxe4 Rxb1+ 34. Kh2 Kxe4 35. Qf3+ Ke5
36. Qxc6 {and White should win.}) 30... Qd5 31. Qa4 Bc3 (31... Qb5 $2 32. Nxb2
(32. Qxa7 $2 Rb7 33. a4 (33. Qa8 Rb8 $11) 33... Rxa7 34. axb5 Ba3 35. bxc6 Rc7
{and Black holds the endgame without many problems.}) 32... Qxb2 33. Qc4 $40 {
[%csl Rf6]}) 32. Qxa7 Bxe1 33. Qxb6 {Now, White's advantage is indisputable.
It is a well known rule that the tandem queen + knight is very dangerous,
especially when the opponent's king is vulnerable. Here we witness a classical
case of this rule. The passed a-pawn is another important factor that makes
Black's task extremely difficult.} Bc3 34. a4 Qe4 35. Qd8+ Kf7 $2 {Mamedyarov
should have hidden his king on h6.} (35... Kg7 $1 36. Qc7+ Kh6 {White has
still a lot to prove here.}) 36. Qc7+ Kf6 37. Qd6+ {By tempting checks Kramnik
has improved his queen's position to the maximum.} Qe6 (37... Kg7 38. Ne5 Qb1+
39. Kh2 Qf5 40. Qe7+ Kg8 41. Kg3 {[%cal Ge5g4]} g5 42. Ng4 Qf4+ 43. Kh3 Qf5 44.
Qe8+ Kg7 45. Qxc6 {and White should win.}) 38. Qf8+ Qf7 39. Qh8+ Ke7 (39... Qg7
40. Qc8 $18 {[%csl Rc6]}) 40. a5 {Combined threats of a mating attack and
promoting the pawn promise White an easy win.} Qa2 41. Qg7+ Kd8 42. Ne5 1-0

[Event "Wch Blitz 2nd"]
[Site "Moscow"]
[Date "2007.11.21"]
[Round "7"]
[White "Kramnik, Vladimir"]
[Black "Shirov, Alexei"]
[Result "1/2-1/2"]
[WhiteElo "2785"]
[BlackElo "2739"]
[PlyCount "35"]
[EventDate "2007.11.21"]
[EventType "tourn (blitz)"]
[EventRounds "38"]
[EventCountry "RUS"]
[EventCategory "19"]
[SourceTitle "EXT 2008"]
[Source "ChessBase"]
[SourceDate "2007.11.25"]
[SourceVersion "1"]
[SourceVersionDate "2007.11.25"]
[SourceQuality "1"]

1. Nf3 d5 2. d4 Nf6 3. c4 e6 4. Nc3 c6 5. Bg5 h6 6. Bh4 dxc4 7. e4 g5 8. Bg3 b5
9. Be2 Bb7 10. O-O Nbd7 11. Ne5 Bg7 12. Nxd7 Nxd7 13. Bd6 a6 14. a4 e5 15. Re1
Qf6 16. Ba3 Bf8 17. Bg4 Rd8 18. Nd5 1/2-1/2

[Event "Corus"]
[Site "Wijk aan Zee"]
[Date "2008.01.27"]
[Round "13"]
[White "Anand, Viswanathan"]
[Black "Kramnik, Vladimir"]
[Result "1/2-1/2"]
[WhiteElo "2799"]
[BlackElo "2799"]
[PlyCount "122"]
[EventDate "2008.01.12"]
[EventType "tourn"]
[EventRounds "13"]
[EventCountry "NED"]
[EventCategory "20"]
[SourceTitle "CBM 122"]
[Source "ChessBase"]
[SourceDate "2008.01.30"]
[SourceVersion "1"]
[SourceVersionDate "2008.01.30"]
[SourceQuality "1"]

1. e4 e5 2. Nf3 Nf6 {Hardly a big surprise here. Kaum eine große Überraschung
an dieser Stelle.} 3. Nxe5 d6 4. Nf3 Nxe4 5. Nc3 Nxc3 6. dxc3 Be7 7. Bf4 O-O 8.
Qd2 Nd7 9. O-O-O Nc5 10. Be3 Re8 {Kramnik had played 10...c6 a few days
earlier against Peter Leko. Ein paar Tage zuvor hatte Kramnik gegen Peter Leko
10...c6 gespielt.} 11. Bc4 Be6 12. Bxe6 Nxe6 13. h4 Qd7 14. Qd5 Qc6 15. Qf5 Qc4
16. Kb1 g6 17. Qh3 h5 {Following the game Svidler-Kramnik from Mexico. It
isn't easy to deviate after 15.Qf5, so I had to go down the main line and wait
for the inevitable improvement. Folge der Partie Svidler-Kramnik aus Mexico.
Es ist nicht leicht, nach 15.Qf5 abzuweichen, daher musste ich das
Hauptabspiel herunterspulen und die unvermeidliche Verbesserung abwarten.} 18.
Nd2 Qe2 19. Rde1 Qg4 20. Qh2 d5 21. f3 Qa4 22. g4 Bd6 23. Qf2 hxg4 $1 (23...
Ng7 {Svidler-Kramnik Mexico 2007}) 24. fxg4 (24. h5 g3 $17) 24... Qxg4 25. Reg1
(25. Ref1 $5) (25. h5 Bg3 (25... Qg3 26. Qf1 Nf4 27. Nf3 Nxh5 28. Rg1 Qxe1+ $1
29. Qxe1 Bf4 30. Qh4 Bxe3 31. Rg2) 26. Qg2 Nf4 27. Bxf4 Rxe1+ 28. Rxe1 Qxf4 29.
Rf1 Re8 30. hxg6 Qxf1+ $1 31. Qxf1 Re1+ 32. Qxe1 Bxe1 33. Nf3 $11) 25... Qh5
26. Nf3 Re7 {Here I thought for a while, but decided that White wasn't better
here. Hier überlegte ich eine Weile, kam aber zu der Entscheidung, dass Weiß
an dieser Stelle nicht besser steht.} 27. Bg5 (27. Ng5 Rae8 (27... Ng7 $5 28.
Nf3 Rae8 29. Rg5 Rxe3 30. Rxh5 Nxh5 $44) 28. Nxe6 Rxe6 29. Rg5 Qh8 30. Bc1 Qf6)
27... Ree8 $1 28. Be3 {The problem is that I need g5 for the other pieces, but
the bishop needs to stay there to stop Black doubling on the e-file. Das
Problem ist, dass ich g5 für die anderen Figuren brauche, aber der Läufer dort
bleiben muss, um Schwarz an der Verdopplung in der e-Linie zu hindern.} Re7 29.
Bg5 Rd7 (29... Bc5 30. Nd4 Ree8 {was an alternative if Black wanted to keep
the rook on the e-file. war eine Alternative, wenn Schwarz den Turm in der
e-Linie behalten wollte.}) (29... Ree8 {Taking the draw was of course possible.
Taking the draw was of course possible.}) 30. Nd4 {Still, White has enough
compensation for the pawn. Black will find it difficult to activate his queen
without allowing h5. Trotzdem hat Weiß genug Kompensation. Schwarz wird es
schwer fallen, seine Dame zu aktivieren, ohne h5 zuzulassen.} Nxd4 (30... Nc5
31. Nf5 Ne4 32. Qd4 Bf8 33. Ng3 Nxg3 34. Rxg3 Re8 (34... c5 35. Qa4 Rd6 36. Rf1
$44) 35. Qxa7 c6 $11) 31. Qxd4 Bf8 (31... c6 32. Qe3) 32. Qe3 c6 (32... Rd6 {
I thought this was stronger. I glaube, das war stärker.} 33. Rf1 c6 34. Qf2 Rd7
35. Rhg1 Re8 36. Qxa7 $11) 33. Qh3 Rd6 34. Bf4 Re6 (34... Rf6 35. Rg5 Qe2 36.
h5 Rxf4 37. hxg6 Bh6 {Later Später} 38. b3 $1 {The computer suggests this calm
move. Der Computer schlägt diesen ruhigen Zug vor.} (38. gxf7+ Kxf7 39. Rf5+ (
39. Qd7+ Qe7 40. Rf5+ Rxf5 41. Qxf5+ Kg7 $19) 39... Ke7 40. Rxf4 Bxf4 41. Qh4+
Kd7 42. Qxf4 Re8 $11) 38... Rf2 39. gxf7+ Kf8 40. Qxh6+ Ke7 41. Qg6 {Black
will have problems with his king. Schwarz wird Probleme mit seinem König haben.
}) 35. Rg5 Qh8 36. h5 {With major pieces on the board, Black can hardly use
his extra pawn, now he should try to swap a pair of rooks. Mit Schwerfiguren
auf dem Brett kann Schwarz seinen Mehrbauern kaum verwerten, jetzt sollte er
versuchen, ein Turmpaar zu tauschen.} Rae8 37. Bd2 Bc5 38. Rg3 (38. a3 Be3 39.
Bxe3 Rxe3 40. Qd7 R3e7 $11) 38... Re2 39. Kc1 (39. Qd7 R8e7 (39... R2e7 40. Qg4
Re2 41. Kc1 Rf2 42. b4 Ree2 43. bxc5 Rxd2 44. Qc8+ Kg7) 40. Qc8+ Re8 41. Qd7
$11 (41. Qxb7 Rxd2)) 39... Qg7 (39... R8e6 40. a3 Rf2) (39... Rxd2 40. Kxd2
Qh6+ 41. Kd1 g5 42. Qf5 {forces further concessions from Black. erzwingt
weitere Zugeständnisse von Schwarz.}) 40. a3 Bd6 (40... Rxd2 41. hxg6 $1 (41.
Kxd2 g5 42. Qf5 Re5 43. Qc8+ Kh7 44. Rf1 {is awkward as well. ist ebenfalls
nicht schön.})) 41. Rgg1 $2 {As soon as I made this move, I saw that Rg4 would
have been stronger. Direkt als ich diesen Zug gemacht hatte, sah ich, dass Rg4
stärker gewesen wäre.} Bc5 $6 (41... R2e6) 42. Rg3 Bd6 43. Rg4 $1 R8e6 (43...
R2e6 44. hxg6 Rxg6 45. Bh6 Qh7 46. Qf3 Ree6) (43... Rxd2 44. Kxd2 (44. hxg6
Ree2 45. gxf7+ Kf8 46. Rxg7 Rxc2+ $11) 44... g5 45. Rf1) 44. hxg6 Rxg6 45. Rxg6
fxg6 46. Be3 $1 {He had completely missed this. Das hatte er komplett
übersehen.} Qe5 {Amazingly White doesnt have a forced win. Verblüffenderweise
hat Weiß keinen forcierten Gewinn.} 47. Qh7+ Kf8 48. Bd2 $1 {This wins the b7
pawn. Dies erobert den b7-Bauern.} (48. Rf1+ Ke8 49. Qxg6+ Kd8 50. Qg8+ Qe8 51.
Qxe8+ Kxe8 52. Bxa7) 48... Qf6 49. Qxb7 Rh2 50. Re1 {Not really a mistake, but
White should have just taken the a7 pawn. Nicht wirklich ein Fehler, aber Weiß
hätte einfach den a7-Bauern nehmen sollen.} (50. Qa8+ Kg7 51. Qxa7+ Kg8 52. Re1
$16 {With his a-pawn, White must have a large advantage. Mit seinem a-Bauern
muss Weiß großen Vorteil haben.}) 50... Qf2 51. Kb1 $2 (51. Rd1 {Here I simply
missed that Bf4 could be met by Qb4+. Here I simply missed that Bf4 could be
met by Qb4+.} Qf6 52. Qa8+ (52. Kb1 Qf3) (52. Qxc6 Rxd2) 52... Kf7 53. Qxa7+
Kg8 54. Qa8+ Kg7 55. Qb7+ Kg8 56. Qc8+ Kf7 57. Qd7+ Kg8 58. Be3) (51. Qc8+ $2
Kg7 52. Qd7+ Kg8 $11) 51... Qxd2 {Now it seems to be a draw. Jetzt scheint es
remis zu sein.} 52. Rf1+ Kg8 53. Qf7+ Kh8 54. Qxg6 (54. Qe8+ Kg7 55. Rf7+ Kh6
56. Qh8+ Kg5 57. Qf6+ Kh5 $1 (57... Kh6 $11) 58. Rh7+ Kg4 59. Qxg6+ Kf3 {
Now White must even work for the draw. Nun muss Weiß für das Remis sogar
arbeiten.}) 54... Qg2 $8 {The only move, but it holds. Der einzige Zug, aber
er hält.} 55. Qe8+ Qg8 56. Qxc6 Bf8 57. Qa8 (57. Qc8 Bg7 58. Qc7 Rh7) 57... Bc5
58. Qxg8+ Kxg8 59. Rf5 Rd2 60. c4 Kg7 61. b4 Be7 (61... Be7 62. Rxd5 Rxd5 63.
cxd5 Kf6 64. c4 Ke5 65. Kc2 Kd4 (65... Bd8 66. Kb3) 66. Kb3 {If the Black
bishop could now go to c7, Black could even start thinking of winning, but as
it is Bd6 is met by c5 and d6 and Bd8 by d6. Wenn der Läufer jetzt nach c7
gehen dürfte, könnte Schwarz sogar langsam ans Gewinnen denken, so aber wird
Bd6 mit c5 nebst d6 und Bd8 mit d6 beantwortet.} Bd6 (66... Bd8 67. d6 $11) 67.
c5 {This is a simple draw. Dies ist ein simples Remis.} (67. Z0 Bc7 68. a4 Bf4
69. a5 Bg3 70. a6 (70. d6 Bxd6 71. c5 Bg3 72. c6 Kd5 73. b5 Kd6) 70... Bh2 71.
b5 Kc5 72. Kc3 Bg1 73. Kd3 Kb4 74. d6 Bc5 75. d7 Bb6 $19)) 1/2-1/2

[Event "Amber-blindfold 17th"]
[Site "Nice"]
[Date "2008.03.21"]
[Round "6"]
[White "Gelfand, Boris"]
[Black "Kramnik, Vladimir"]
[Result "1/2-1/2"]
[WhiteElo "2737"]
[BlackElo "2799"]
[PlyCount "47"]
[EventDate "2008.03.15"]
[EventType "tourn (rapid)"]
[EventRounds "11"]
[EventCountry "FRA"]
[EventCategory "21"]
[SourceTitle "CBM 123 Extra"]
[Source "ChessBase"]
[SourceDate "2008.05.06"]
[SourceVersion "1"]
[SourceVersionDate "2008.05.06"]
[SourceQuality "1"]

1. d4 d5 2. c4 c6 3. Nf3 Nf6 4. e3 Bg4 5. h3 Bxf3 6. Qxf3 e6 7. Nc3 Nbd7 8. Bd2
Bb4 9. Bd3 O-O 10. a3 Ba5 11. O-O Re8 12. b4 Bc7 13. cxd5 exd5 14. b5 Nf8 15.
bxc6 bxc6 16. Qd1 Ne6 17. Qa4 c5 18. Nb5 Bb6 19. dxc5 Nxc5 20. Qc2 Nfe4 21. Bb4
Nxd3 22. Qxd3 Qd7 23. Nc3 Qe6 24. Nxe4 1/2-1/2

[Event "Dortmund SuperGM 36th"]
[Site "Dortmund"]
[Date "2008.07.05"]
[Round "6"]
[White "Kramnik, Vladimir"]
[Black "Nepomniachtchi, Ian"]
[Result "1/2-1/2"]
[WhiteElo "2788"]
[BlackElo "2634"]
[Annotator "Kritz,L"]
[PlyCount "78"]
[EventDate "2008.06.28"]
[EventType "tourn"]
[EventRounds "7"]
[EventCountry "GER"]
[EventCategory "18"]
[SourceTitle "CBM 125"]
[Source "ChessBase"]
[SourceDate "2008.07.30"]
[SourceVersion "1"]
[SourceVersionDate "2008.07.30"]
[SourceQuality "1"]

1. d4 d5 2. c4 c6 3. Nf3 Nf6 4. e3 Bg4 5. h3 Bh5 {Dieser Zug wird gemacht,
wenn man langen Varianten aus dem Weg gehen möchte und eine Stellung mit
beiderseitigen Chancen anstrebt.} (5... Bxf3 6. Qxf3 e6 7. Nc3 Nbd7 {ist die
Hauptfortsetzung. Weiß besitzt zwar das Läuferpaar, doch die schwarze Stellung
ist sehr solide und weist keine Schwächen auf. Auch der Läufer c1 hat keine
großartigen Perspektiven in naher Zukunft, so dass man diese Stellung auf
lange Sicht als ausgeglichen einschätzt.}) 6. Nc3 e6 7. g4 ({Wenig verspricht
Weiß} 7. Qb3 Qb6 8. Ne5 Nbd7 {und die schwarze Stellung ist in Ordnung:} 9. g4
(9. Nd3 Bg6 10. Qxb6 axb6 11. Nf4 Bd6 12. Nxg6 hxg6 13. Bd2 O-O 14. Be2 dxc4
15. Bxc4 b5 16. Bb3 e5 $11 {Azmaiparashvili - Movsesian (Moscow, 2001). Der
Vorteil des Läuferpaars ist durch die schwarze Überlegenheit im Zentrum und
durch die fixierte Bauernstruktur ausgeglichen.}) 9... Bg6 10. Nxg6 hxg6 11. g5
Ng8 12. c5 Qxb3 13. axb3 a6 14. b4 {Wäre jetzt Weiß am Zug, so hätte er mit 15.
b5 großen strategischen Vorteil erreicht, doch da er dazu nicht kommt, ist die
Stellung ausgeglichen.} Rc8 $11 {Fridman - Krivoshey (Internet blitz 2005)}) ({
Viel zu passiv ist} 7. Be2 Nbd7 8. O-O Bd6 9. b3 O-O 10. Bb2 Ne4 11. Nxe4 dxe4
12. Ne5 Bxe2 13. Qxe2 f5 $11 {Andreikin - Najer (Plovdiv, 2008). und Schwarz
hat keinerlei Schwierigkeiten.}) 7... Bg6 8. Ne5 ({Nicht zur Zugumstellung
führt} 8. Nh4 {weil Schwarz} Be4 {spielen kann.} {Nach} 9. f3 Nfd7 $1 10. fxe4
(10. Ng2 Bg6 11. h4 h6 (11... h5 12. Nf4 hxg4 13. Nxg6 fxg6 14. Bd3 Qf6 15.
fxg4 $14) 12. Nf4 Bh7 13. Qb3 Qb6 $11) 10... Qxh4+ 11. Kd2 dxe4 12. Nxe4 Nf6
13. Nxf6+ Qxf6 14. Bd3 Nd7 $13 {entsteht eine Stellung, die Dank dem schwachen
weißen König unklar ist.}) 8... Nbd7 (8... Nfd7 {Der Unterschied zwischen
diesem und dem Partiezug ist, dass Schwarz mit dem Nehmen auf e5 droht, wonach
Weiß kein Tempo mit dem Angriff auf den Nf6 gewinnt. So kann Weiß nicht mehr 9.
h4 spielen.} 9. Nxg6 (9. h4 $2 Nxe5 10. dxe5 h5 11. g5 Nd7 $15) 9... hxg6 10.
Bd2 (10. Qe2 Na6 11. Bg2 Be7 12. O-O O-O 13. a3 Nc7 14. b3 a6 15. e4 dxe4 16.
Nxe4 Nf6 17. Nc5 $14 {Bacrot - Kasimdzhanov (Mainz, 2007). Der Springer c7 ist
schlecht.}) 10... Nb6 (10... f5 11. Qb3 Qb6 12. Qc2 Qd8 13. O-O-O $14 {
Giorgadze - Gurevich (Torrelavega, 2007)}) 11. c5 N6d7 12. b4 Be7 13. Bg2 O-O
14. O-O a5 15. a3 axb4 16. axb4 Rxa1 17. Qxa1 Qc7 18. Qa5 Qc8 19. Ra1 $14 {
Sargissian - L'Ami (Katernberg, 2007)}) 9. h4 ({Keine Schwierigkeiten hat
Schwarz nach} 9. Nxg6 hxg6 10. Bd2 Bb4 $11) 9... dxc4 10. Nxg6 hxg6 11. g5 ({
Öfters gespielt wurde bislang} 11. Bxc4 Bb4 12. Bd2 (12. a3 Bxc3+ 13. bxc3 Nd5
14. g5 N7b6 15. Bf1 Nxc3 16. Qc2 Qd5 17. Rh3 Ne4 18. Bg2 Qa5+ 19. Kf1 Qc3 20.
Qxc3 Nxc3 21. Bd2 Ncd5 $15 {Golod - Kharitonov (Cappelle la Grande, 2007)})
12... Bxc3 13. bxc3 {Ribli - Kuczynski (Erfurt, 2005)} (13. Bxc3 Nd5 $132)
13... Ne4 $132 {Weil der h4-Bauer hängt, hat Schwarz genug Zeit, um gutes
Spiel zu bekommen.}) 11... Nh7 $5 $146 ({Bis jetzt wurde nur} 11... Nd5 {
ausprobiert, was ebenfalls zu interessanten Stellungen führt, die für beide
Seiten gut spielbar sind.} 12. Bxc4 N7b6 (12... Bb4 13. Bd2 Qe7 14. Be2 O-O-O
15. Qc2 Kb8 16. a3 Ba5 17. b4 Bb6 18. Nxd5 cxd5 19. a4 e5 $132 {Milov - Najer 
(Baku, 2008)}) 13. Bf1 Nxc3 14. bxc3 Qd5 15. Rh3 e5 16. Qg4 Be7 17. Bd2 $132 {
Kachiani - Sebag (Gothenburg, 2005)}) 12. Bg2 ({Weiß kann nicht mehr} 12. Bxc4
{spielen, weil er nach} Nxg5 $17 {den Bauer verliert. Das ist die Idee des
Zuges 11....Nh7}) 12... Bb4 13. Qe2 Nb6 14. a3 Ba5 15. Bd2 Nf8 $1 $11 {Der
Springer hat seine Pflicht getan - Schwarz konnte den Mehrbauern erstmal
behalten - jetzt kommt er zurück ins Spiel und öffnet wieder die h-Linie für
den schwarzen Turm. Schwarz hat eine sehr solide Stellung aufgebaut, die kaum
zu knacken ist.} 16. Ne4 Bxd2+ 17. Qxd2 Qe7 18. Qb4 Qxb4+ 19. axb4 Kd7 20. b5
Kc7 21. bxc6 bxc6 22. Nd2 Nfd7 23. Ra5 a6 24. Bf1 Rhb8 25. Rh3 Kd6 26. h5 gxh5
27. Rxh5 Ke7 28. Rh7 g6 29. Kd1 Ra7 30. Kc1 Rc7 31. Ne4 Rcb7 32. Nd2 Rc7 33.
Ne4 Rcb7 34. Rxa6 Nd5 35. Bxc4 Rxb2 36. Nd2 R2b6 37. Rxb6 N5xb6 38. Bd3 Nf8 39.
Rh4 Nfd7 1/2-1/2